Cd̤igo Civil. Parecer Jurd̕ico.

Detalles Bibliográficos
Autor principal: Barbosa de Oliveira, Ruy
Formato: eBook
Lenguaje:portugués
Publicado: Rio de janeiro: Fundaȯ̂ Casa de Rui Barbosa, 1968
Colección:Obras Completas de Rui Barbosa
Materias:
Acceso en línea:Acceso restringido

MARC

LEADER 00000nam a22000007a 4500
005 20120320134138.0
007 cr|||| ||||
008 120320s1968 br |||||s|||| 00||0 por d
035 |a 6267 
040 |a vLex 
090 |c 3067  |d 3067 
100 1 |a Barbosa de Oliveira, Ruy 
245 1 0 |a Cd̤igo Civil. Parecer Jurd̕ico.  |h [Recurso electrn̤ico] /  |c Ruy Barbosa de Oliveira  
256 |a Servicio en ln̕ea 
260 |a Rio de janeiro:  |b Fundaȯ̂ Casa de Rui Barbosa,   |c 1968 
300 |a 1 recurso electrn̤ico 
500 |a Dentro de : Obras Completas de Rui Barbosa 
506 0 |a Contenido solo disponible en los productos indicados  |d vLex Global   |d vLex Global (Academic Edition, excluding Law Schools)   |d vLex Global (U.S. Academic Edition, Law Schools)   |d vLex Global (U.S. Academic Edition, excluding Law Schools)   |d vLex Global (Academic Edition, Law Schools)  
650 0 4 |a Derecho civil  |z Brasil 
740 0 |a vLex Libros (Servicio en ln̕ea) 
830 0 |a Obras Completas de Rui Barbosa 
856 4 0 |u http://vlex.com/source/obras-completas-rui-barbosa-tomo-iii-vol-xxxii-6267  |z Acceso restringido 
942 |c BOOK 
999 0 |a Civil law